00321nam a2200133Ia 4500003000500000005001700005008004100022100002100063245004200084260002800126300000900154500001100163650001300174SISC20190128095659.0190115s9999 xx 000 0 und d aKnightley, Keira cKeira KnightleyaPride and prejudice/ bUniversal Studiosc2005 a1 CD aCD-ROM aLanguage